ბათუმის შოთა რუსთაველის სახელმწიფო უნივერსიტეტის ბიბლიოთეკა

ბიოლოგიის ზოგადი კურსი : (ზოგადი ბიოლოგია, ბოტანიკა, ზოოლოგია, ეკოლოგია) : (ბიბ.ჩანაწერი № 56576)

000 -ლიდერი
ფიქსირებული სიგრძის საკონტროლო ველი 01672nam a2200325Ia 4500
001 - საკონტროლო ნომერი
საკონტროლო ველი 23690
003 - საკონტროლო ნომრის იდენტიფიკატორი
საკონტროლო ველი GE_BSU
005 - ბოლო ოპერაციის თარიღი და დრო
საკონტროლო ველი 20260317181623.0
008 - ფიქსირებული სიგრძის მონაცემთა ელემენტები - ზოგადი ინფორმაცია
ფიქსირებული სიგრძის საკონტროლო ველი 181216s2011||||ge |||||||||||||| ||geo||
020 ## - წიგნის საერთაშორისო სტანდარტული ნომერი
International Standard Book Number 9789941913549
040 ## - კატალოგიზაციის წყარო
Transcribing agency GE_BSU
041 ## - ენის კოდი
Language code of text/sound track or separate title geo
080 ## - უნივერსალური ათობითი კლასიფიკაციის ინდექსი
Universal Decimal Classification number 57(075.8)+573+58+59+574 ჟ-84
100 ## - მთავარი ჩანაწერი - პიროვნების სახელი
Personal name ჟორჟოლიანი, ცირა
9 (RLIN) 4979
245 ## - ცნობა სათაურის შესახებ
Title ბიოლოგიის ზოგადი კურსი : (ზოგადი ბიოლოგია, ბოტანიკა, ზოოლოგია, ეკოლოგია) :
Remainder of title ინტეგრირებული სწავლებისათვის /
Statement of responsibility, etc ცირა ჟორჟოლიანი, ემზარ გორდაძე ; რედ. ელენე აბზიანიძე.
250 ## - გამოცემის ცნობა
Edition statement მე-2 შესწორებული გამოცემა
264 ## - წარმოების, გამოცემის, დისტრიბუციის და სხვა ცნობები
გამოცემის, წარმოების, დისტრიბუციის... ადგილი ქუთაისი :
გამოცემის, წარმოების, დისტრიბუციის... სახელწოდება ლამპარი,
გამოცემის, წარმოების, დისტრიბუციის... თარიღი 2011.
300 ## - ფიზიკური აღწერა
Extent 549 გვ. :
Other physical details ილ. ;
Dimensions 20 სმ.
504 ## - BIBLIOGRAPHY, ETC. NOTE
Bibliography, etc ბიბლიოგრაფია : გვ. 538-541
520 ## - SUMMARY, ETC.
Summary, etc რეზიუმე რუსულ და ინგლისურ ენებზე
653 ## - INDEX TERM--UNCONTROLLED
Uncontrolled term ბიოლოგიის ზოგადი კურსი
653 ## - INDEX TERM--UNCONTROLLED
Uncontrolled term ზოგადი ბიოლოგია
653 ## - INDEX TERM--UNCONTROLLED
Uncontrolled term ბოტანიკა
653 ## - INDEX TERM--UNCONTROLLED
Uncontrolled term ზოოლოგია
653 ## - INDEX TERM--UNCONTROLLED
Uncontrolled term ეკოლოგია
700 ## - ADDED ENTRY--PERSONAL NAME
Personal name გორდაძე, ემზარ
Relator term ავტორი
9 (RLIN) 4980
700 ## - ADDED ENTRY--PERSONAL NAME
Personal name აბზიანიძე, ელენე
Relator term რედაქტორი
9 (RLIN) 21784
942 ## - ADDED ENTRY ELEMENTS (KOHA)
Koha item type წიგნი
Source of classification or shelving scheme
ეგზემპლარები
ჩამოწერის სტატუსი დაკარგული ეგზემპლარის სტატუსი კლასიფიკაციის წყარო ან თაროზე გაწყობის სქემა დაზიანების სტატუსი არ გაიცემა მუდმივი მდებარეობა (დაცვის ადგილი) ამჟამინდელი ადგილსამყოფელი თაროზე განთავსების ადგილი შეძენის თარიღი ღირებულება, შესყიდვის ნორმალური ფასი სრული შენახვის შიფრი შტრიხკოდი ბოლო ოპერაციის თარიღი ეგზემპლარის მიმდევრობითი ნომერი (კეტერი?) ფასის ძალაში შესვლის თარიღი ეგზემპლარის სახეობა საჯარო შენიშვნა
          ბათუმის შოთა რუსთაველის სახელმწიფო უნივერსიტეტის მთავარი ბიბლიოთეკა ბათუმის შოთა რუსთაველის სახელმწიფო უნივერსიტეტის მთავარი ბიბლიოთეკა წიგნსაცავი 2018-12-17 12.00 57(075.8)+573+58+59+574 ჟ-84 28517 2018-12-17 28517 2018-12-17 წიგნი 12.00 ₾.